Prénom de footballeur belge - Statistiques

Statistiques générales
  • Ce quiz a été pris 671 fois
  • Le résultat moyen est 10 sur 15
Statistiques - réponses
Hint Réponse % Correct
De Bruyne Kevin
100%
Kompany Vincent
94%
Wietsel Axel
89%
Mertens Dries
83%
Fellaini Marouane, Marouan
77%
Vertonghen Jan
72%
Nainggolan Radja
72%
Alderweireld Tobias, Toby
72%
Chadli Nacer
68%
Wilmots Marc
64%
Defour Steven
52%
Scifo Enzo
47%
Gerets Eric
37%
Pfaff Jean-Marie, Jean Marie, jean marie
37%
Nilis Luc, Luk
10%
Aucun quiz correspondant
Distribution des résultats
% des personnes avec chaque résultat
Percentile par nombre de réponses
Votre historique - résultats
Vous n’avez pas pris ce quiz